000 00766cam a2200229 a 4500
001 000018292
005 20200929165435.0
008 750610s1951 nyua 000 f eng d
040 _aDO-SdBNP
_beng
_cLC
_dBNPHU
082 _a823.8
_bC561ó
100 1 _aChurch, Alfred John,
_d1829-1912.
_939614
245 1 4 _aThe odyssey of homer /
_cAlfred J. Church ; ilustración John Flaxman.
260 _aNew York :
_bMacmillan Company,
_c1951.
300 _av, 186 p. :
_bil. ;
_c22 cm.
490 1 _aNew Children's Classics
650 4 _aNovela inglesa
_91071
650 4 _aLiteratura inglesa
_ySIGLO XIX
_93566
700 1 _aFlaxman, John,
_d1755-1826,
_eil.
_939615
830 0 _aNew Children's Classics
_939616
910 _aCatalogación por copia / LC
049 _aBNGR
999 _c17813
_d17813